000
00296nam a2200121Ia 4500
008
190216s9999||||xx |||||||||||||| ||und||
100
_a
Govind P Agarwal
245
0
_a
Fiber Optics Communication Systems
260
_b
John Wiley & Sons
300
_a
546
650
_a
Physics
942
_c
BK
999
_c
33940
_d
33940